<?xml version="1.0" encoding="UTF-8"?>
<record
    xmlns:xsi="http://www.w3.org/2001/XMLSchema-instance"
    xsi:schemaLocation="http://www.loc.gov/MARC21/slim http://www.loc.gov/standards/marcxml/schema/MARC21slim.xsd"
    xmlns="http://www.loc.gov/MARC21/slim">

  <leader>01139nam a2200241 a 4500</leader>
  <controlfield tag="003">DO-SdBNP</controlfield>
  <controlfield tag="005">20211215092112.0</controlfield>
  <controlfield tag="007">ta</controlfield>
  <controlfield tag="008">211214e2003    dr ao||gr|||| 001 0 spa d</controlfield>
  <datafield tag="040" ind1=" " ind2=" ">
    <subfield code="a">DO-SdBNP</subfield>
    <subfield code="b">spa</subfield>
    <subfield code="c">BNPHU</subfield>
  </datafield>
  <datafield tag="082" ind1=" " ind2="4">
    <subfield code="a">353.46</subfield>
    <subfield code="b">P953s</subfield>
    <subfield code="2">22</subfield>
  </datafield>
  <datafield tag="111" ind1="1" ind2=" ">
    <subfield code="9">72558</subfield>
    <subfield code="a">Seminario internacional  Aplicaci&#xF3;n de la Convenci&#xF3;n Interamericana contra la Corrupci&#xF3;n </subfield>
    <subfield code="n">(1er :</subfield>
    <subfield code="d">1987:</subfield>
    <subfield code="c">Santo Domingo, Rep&#xFA;blica Dominicana)</subfield>
  </datafield>
  <datafield tag="245" ind1="1" ind2="0">
    <subfield code="a">1er. seminario internacional : </subfield>
    <subfield code="b">aplicaci&#xF3;n de la convenci&#xF3;n interamericana contra la Corrupci&#xF3;n /</subfield>
  </datafield>
  <datafield tag="246" ind1="1" ind2="0">
    <subfield code="a">Primer seminario internacional : </subfield>
    <subfield code="b">aplicacion de la convencion interamericana contra la corrupcion : [ponencias y recomendaciones].</subfield>
  </datafield>
  <datafield tag="260" ind1=" " ind2=" ">
    <subfield code="a">Santo Domingo :</subfield>
    <subfield code="b">Mediabyte, </subfield>
    <subfield code="c">2003</subfield>
  </datafield>
  <datafield tag="300" ind1=" " ind2=" ">
    <subfield code="a">396 p. :</subfield>
    <subfield code="b">il., fotogr. ;</subfield>
    <subfield code="c">21 cm.</subfield>
  </datafield>
  <datafield tag="590" ind1=" " ind2=" ">
    <subfield code="a">Inventariado 2021 / MF</subfield>
  </datafield>
  <datafield tag="611" ind1=" " ind2="0">
    <subfield code="9">15993</subfield>
    <subfield code="a">Convenci&#xF3;n Interamericana Contra la Corrupci&#xF3;n</subfield>
    <subfield code="d">(2002: noviembre 27-29</subfield>
    <subfield code="c">Santo Domingo )</subfield>
  </datafield>
  <datafield tag="611" ind1=" " ind2="0">
    <subfield code="a">Corrupci&#xF3;n pol&#xED;tica </subfield>
    <subfield code="x">Derecho y legislaci&#xF3;n</subfield>
    <subfield code="9">80866</subfield>
  </datafield>
  <datafield tag="611" ind1=" " ind2="0">
    <subfield code="a">Am&#xE9;rica Latina. Justicia, Administraci&#xF3;n de </subfield>
    <subfield code="z">Am&#xE9;rica Latina.</subfield>
    <subfield code="9">80867</subfield>
  </datafield>
  <datafield tag="910" ind1=" " ind2=" ">
    <subfield code="a">MFeliz</subfield>
  </datafield>
  <datafield tag="942" ind1=" " ind2=" ">
    <subfield code="2">ddc</subfield>
    <subfield code="c">LBS1</subfield>
  </datafield>
  <datafield tag="952" ind1=" " ind2=" ">
    <subfield code="0">0</subfield>
    <subfield code="1">0</subfield>
    <subfield code="2">ddc</subfield>
    <subfield code="5">1</subfield>
    <subfield code="7">0</subfield>
    <subfield code="8">PD</subfield>
    <subfield code="a">BNPHU</subfield>
    <subfield code="b">PD</subfield>
    <subfield code="c">HD</subfield>
    <subfield code="d">2018-07-14</subfield>
    <subfield code="e">Donado por CERTV</subfield>
    <subfield code="l">0</subfield>
    <subfield code="o">353.46 P953s</subfield>
    <subfield code="p">2021-28588</subfield>
    <subfield code="r">2021-12-14</subfield>
    <subfield code="w">2021-12-14</subfield>
    <subfield code="y">LFPD</subfield>
  </datafield>
  <datafield tag="952" ind1=" " ind2=" ">
    <subfield code="0">0</subfield>
    <subfield code="1">0</subfield>
    <subfield code="2">ddc</subfield>
    <subfield code="5">1</subfield>
    <subfield code="7">0</subfield>
    <subfield code="8">PD</subfield>
    <subfield code="a">BNPHU</subfield>
    <subfield code="b">PD</subfield>
    <subfield code="c">HD</subfield>
    <subfield code="d">2021-12-15</subfield>
    <subfield code="l">0</subfield>
    <subfield code="o">353.46 P953s</subfield>
    <subfield code="p">2021-28591</subfield>
    <subfield code="r">2021-12-15</subfield>
    <subfield code="t">e.2</subfield>
    <subfield code="w">2021-12-15</subfield>
    <subfield code="y">LFPD</subfield>
  </datafield>
  <datafield tag="952" ind1=" " ind2=" ">
    <subfield code="0">0</subfield>
    <subfield code="1">0</subfield>
    <subfield code="2">ddc</subfield>
    <subfield code="5">6</subfield>
    <subfield code="7">0</subfield>
    <subfield code="8">DS</subfield>
    <subfield code="a">BNPHU</subfield>
    <subfield code="b">DO</subfield>
    <subfield code="c">HD</subfield>
    <subfield code="d">2021-12-15</subfield>
    <subfield code="l">0</subfield>
    <subfield code="o">353.46 P953s</subfield>
    <subfield code="p">2021-28592</subfield>
    <subfield code="r">2021-12-15</subfield>
    <subfield code="t">e.3</subfield>
    <subfield code="w">2021-12-15</subfield>
    <subfield code="y">LFDS</subfield>
  </datafield>
  <datafield tag="952" ind1=" " ind2=" ">
    <subfield code="0">0</subfield>
    <subfield code="1">0</subfield>
    <subfield code="2">ddc</subfield>
    <subfield code="5">6</subfield>
    <subfield code="7">0</subfield>
    <subfield code="8">DS</subfield>
    <subfield code="a">BNPHU</subfield>
    <subfield code="b">DO</subfield>
    <subfield code="c">HD</subfield>
    <subfield code="d">2021-12-15</subfield>
    <subfield code="e">Donado por Departamento de Prevenci&#xF3;n de la Corrupci&#xF3;n Administrativa</subfield>
    <subfield code="l">0</subfield>
    <subfield code="o">353.46 P953s</subfield>
    <subfield code="p">2021-28593</subfield>
    <subfield code="r">2021-12-15</subfield>
    <subfield code="t">e.4</subfield>
    <subfield code="w">2021-12-15</subfield>
    <subfield code="y">LFDS</subfield>
  </datafield>
  <datafield tag="952" ind1=" " ind2=" ">
    <subfield code="0">0</subfield>
    <subfield code="1">0</subfield>
    <subfield code="2">ddc</subfield>
    <subfield code="5">6</subfield>
    <subfield code="7">0</subfield>
    <subfield code="8">DS</subfield>
    <subfield code="a">BNPHU</subfield>
    <subfield code="b">DO</subfield>
    <subfield code="c">HD</subfield>
    <subfield code="d">2021-12-15</subfield>
    <subfield code="l">0</subfield>
    <subfield code="o">353.46 P953s</subfield>
    <subfield code="p">2021-28594</subfield>
    <subfield code="r">2021-12-15</subfield>
    <subfield code="t">e.5</subfield>
    <subfield code="w">2021-12-15</subfield>
    <subfield code="y">LFDS</subfield>
  </datafield>
  <datafield tag="999" ind1=" " ind2=" ">
    <subfield code="c">51126</subfield>
    <subfield code="d">51126</subfield>
  </datafield>
</record>
